MDQL
is popping MORE tags! Check the
thread
!
Quizzes
Events
Quiz Creation
Community
Videos
Private Events
Remove Ads
Sign In
Join for FREE
Feedback
Dark Mode
Quiz Categories
Sports
Geography
Music
Movies
Television
Just For Fun
Miscellaneous
History
Literature
Language
Science
Gaming
Entertainment
Religion
Holiday
For Kids
Quiz Lab
Recent
Popular Today
Quiz Kudos Today
Editor Picks
Curator Picks
Quizzes by...
Day
Popularity
Type
Ratings
Length
Year
Community
Subscriptions
Recent Discussions
Orange Saloon
Badges
Playlists
Quests
Create
Leaderboards
Showdown
Live 5
Trivia Bingo
Activity
Puzzle Library
Sporcle Events
Private Events
Virtual Trivia
Globe League
Become a Host
Pub Owners
SporcleCon
Opinionation
Our Games
Videos
Blog
Mobile Apps
Partnerships
Remove Ads and Go Orange
Feedback
Entertainment
Celebrity
Famous
Musical
Broadway
Show
Quote
Comic Books
Anime
Superhero
DC Comics
Marvel
Cartoons
Animation
Entertainment
Celebrity
Famous
Musical
Broadway
Show
Quote
Comic Books
Anime
Superhero
DC Comics
Marvel
Cartoons
Animation
Random Quiz
Search Sporcle
×
Quiz Lab
Quiz Lab
Entertainment
mis
Type in answers that appear in a list
Type in answers that appear in a list
Classic
Best Score? Go Orange.
Guess the Les Mis lyrics 3 Stats
Can you name the guess the Les Mis lyrics 3?
By
tmo1695
10m
162 Questions
612 Plays
612 Plays
612 Plays
Comments
Comments
Give Quiz Kudos
Give Quiz Kudos
-
- Ratings
hide this ad
Replay
Link that replays current quiz
Next Quiz
Link to next quiz in quiz playlist
You Got
0%
They Got
Avg Score
71%
Avg Friend Score
Upgrade to see
Score Distribution
Jump to the score distribution portion of the page
Score
0/162
Timer
10:00
1
Play Today
% Correct
a
95.6%
a
95.6%
and
95.6%
and
95.6%
the
95.6%
And
95.6%
the
95.6%
the
95.6%
a
95.6%
And
95.6%
The
95.6%
the
95.6%
and
95.6%
a
95.6%
a
95.6%
and
95.6%
the
95.6%
the
95.6%
you
84.3%
on
82.8%
on.
82.8%
On
82.8%
on
82.8%
on.
82.8%
on
82.8%
in
80.4%
my
80.2%
my
80.2%
my
80.2%
my
80.2%
my
80.2%
my
80.2%
my
80.2%
me
79.4%
me,
79.4%
it
77.9%
be
77%
be
77%
at
76.5%
at
76.5%
at
76.5%
at
76.5%
at
76.5%
can
76%
no
75.3%
no
75.3%
of
74.7%
for.
73%
they
72.9%
they
72.9%
they
72.9%
they
72.9%
they
72.9%
they
72.9%
% Correct
that
72.5%
that
72.5%
that
72.5%
that
72.5%
are
72.4%
are
72.4%
What
71.6%
will
71.1%
your
71.1%
will
71.1%
was
70.8%
was
70.8%
Where
70.4%
where
70.4%
Empty
70.3%
empty
70.3%
Empty
70.3%
empty
70.3%
Empty
70.3%
empty
70.3%
chairs
69.9%
Now
69.9%
now.
69.9%
chairs
69.9%
chairs
69.9%
tables,
69.8%
tables,
69.8%
tables,
69.8%
friends
69.4%
table
69.4%
friends,
69.4%
friends
69.4%
friends
69.4%
friends,
69.4%
friends,
69.4%
friends
69.4%
goes
69.1%
gone.
69.1%
hear
69.1%
gone.
69.1%
goes
69.1%
more.
69%
more.
69%
can't
68.8%
can't
68.8%
Here
68.1%
Here
68.1%
Here
68.1%
live
68.1%
dead
67.8%
There's
67.5%
There's
67.5%
There's
67.5%
there's
67.5%
% Correct
don't
66%
them
65.8%
Oh,
65.4%
Oh,
65.4%
I
65.2%
I
65.2%
spoken.
65%
see
65%
spoken,
65%
pain
64.9%
pain
64.9%
never
64.7%
revolution.
64.5%
grief
64.4%
grief
64.4%
From
63.2%
talked
63.1%
with
63.1%
came.
62.9%
their
62.7%
corner
62.6%
tomorrow,
62.4%
tomorrow
62.4%
sing
61.8%
about
61.6%
world
61.6%
forgive
61.6%
sacrifice
61.1%
ask
60.9%
could
60.5%
had
60.3%
sang
60.1%
lit
59.5%
last
59.3%
barricade
59%
reborn.
58.2%
flame.
58%
words
58%
communion.
57.8%
very
56.7%
voices
56.4%
became
56.4%
dawn.
56%
window.
55.4%
floor.
54.9%
sung
54.4%
ringing.
53.8%
lonely
53.8%
faces
53.6%
Phantom
53.4%
Phantom
53.4%
shadows
52.9%
rose
51.3%
meet
48.2%
Quiz Playlist
Details
Report
Send in Message
Add To Playlist
Classic:
Type in answers that appear in a list
Last Updated: Feb 16, 2017
Quiz Scoreboard
CHALLENGE
Sign Up to Join the Scoreboard
Show All
Scores
Hide
Comments
May contain spoilers
Recently Published
Street Fighter Characters
by Artimus82
Gaming
60s
9x9 Crossword: Cartoon Network
by jackfrog10
Miscellaneous
3m
College Basketball Coaching Resumes
by pancakes188
Sports
9m
More to Explore
Quiz From the Vault
Featured Blog Post
Where Did the Easter Bunny Come From?
hide this ad
You Might Also Like...
Tags
les
mis
Today's Top Quizzes in Entertainment
Browse Entertainment
hide this ad
Today's Top Quizzes in mis
Browse mis
Top Contributed Quizzes in Entertainment
1
7-to-1: DC Comics Villains
2
Marvel Characters Bunker
3
Eurovision 2023 Logic Puzzle
4
Dragon Ball Z: Goku's Fights in Order
5
Sorting Pictures: Villains
6
Criteria Quickie: Cartoon Taxonomy II
7
7-to-1: One Piece
8
Mini Trivia Sudoku: Musicals
9
Fictional Villains Letter U Blitz
10
Kamen Rider Motifs
Explore More
Trending Topics
Harry Potter
NBA
Crossword
Disney
Marvel
Anime
Kpop
WWE
Soccer
Song
Pokémon
The Office
Puzzle
Country
NFL
hide this ad
More By:
tmo1695
Quiz
Plays
Rating
Category
Featured
Created
guess the les mis lyrics
868
1.75
Entertainment
Dec 11, 2011
guess the les mis lyrics 2
687
4.00
Entertainment
Dec 11, 2011
guess the Les Mis lyrics 3
612
5.00
Entertainment
Dec 17, 2011
Guess the Disney Lyrics
494
5.00
Entertainment
Aug 27, 2012
Guess the Christmas Lyrics
393
2.33
Holiday
Dec 11, 2011
Go to Creator's Profile
Score Distribution
Quiz Creator Spotlight
tmo1695
Follow
Send a Message
Quizzes Created
-
Created Quiz Play Count
-
More By This Creator
Popular Quizzes Today
1
Find the US States - No Outlines Minefield
2
Find the Countries of Europe - No Outlines Minefield
3
The Countries of the World
4
Find the US States
5
Risky Map Clicking: Biggest States A-Z
6
US States
7
Popular People in 1961
8
Movies - When Are They Set?
More Entertainment Quizzes
One Punch Man S-Class Heroes
Quiz Lab
Trending Quizzes
Risky Map Clicking: Least Populous States A-Z
Countries of the World: 200 Million BC
1-10 Letter G Words
Risky Map Clicking: Next State Alphabetically
Adjectives in 80s TV Shows
Recently Updated
Leaping Animals
pecheneg
Reality TV Shows (A-Z)
bhenderson79
Rickey Henderson's Hall of Fame Teammates
pecheneg
Champions League XIs: Arsenal
pecheneg
Quick Pick: Celebrities in WWE's Hall of Fame
aduchscher
A-Z Keypad Blitz II
pecheneg
Multiple Oscar Actors
pecheneg
Mystery Phrase Blitz: Oscar 'Best Actors'
pecheneg
F. Scott Fitzgerald Novels
LTH
Pick 3 Villains
ddd62291
Trending Topics
NBA
Disney
Anime
Marvel
Harry Potter
Kpop
Crossword
Song
Soccer
WWE
Puzzle
The Office
Country
Pokémon
NFL
Your Account Isn't Verified!
In order to create a playlist on Sporcle, you need to verify the email address you used during registration. Go to your
Sporcle Settings
to finish the process.
Report this User
Report this user for behavior that violates our
Community Guidelines
.
Details:
Send Report
Go to the Sporcle.com Mobile Site →
Comments